000 00276nam a22001217a 4500
008 170424b xxu||||| |||| 00| 0 eng d
041 _aeng
080 _25 ED
_a547
100 _a12
101 _aSHM
245 _aMICROSCALE ORAGANIC LABORATORY
_cMAYO.D.W
942 _2udc
_cBK
999 _c11662
_d11662